NAVIGATING THE LEGAL LANDSCAPE OF ENVIRONMENTAL CHALLENGES IN THE 21ST CENTURY (Record no. 28970)

MARC details
000 -LEADER
fixed length control field 00318nam a22001217a 4500
003 - CONTROL NUMBER IDENTIFIER
control field SGT
082 ## - DEWEY DECIMAL CLASSIFICATION NUMBER
Classification number 363.7
Item number CHA
100 ## - MAIN ENTRY--PERSONAL NAME
Personal name CHAUDHARY, DR. RICHA
245 ## - TITLE STATEMENT
Title NAVIGATING THE LEGAL LANDSCAPE OF ENVIRONMENTAL CHALLENGES IN THE 21ST CENTURY
260 ## - PUBLICATION, DISTRIBUTION, ETC. (IMPRINT)
Place of publication, distribution, etc INDIA
Name of publisher, distributor, etc WALNUT PUB.
Year of Publication 2024
300 ## - PAGE DESCRIPTION
No. of Pages 302
942 ## - ADDED ENTRY ELEMENTS (KOHA)
Source of classification or shelving scheme Dewey Decimal Classification
Koha item type Books
Holdings
Withdrawn status Lost status Source of classification or shelving scheme Damaged status Not for loan Collection code Home library Current library Shelving location Date acquired Vendor Name Cost, normal purchase price SGTU Total Checkouts Full call number Accession No. (Barcode) Date last seen Bill Date Koha item type
    Dewey Decimal Classification     COMMERCE MANAGEMENT SGT Science & Social Sciences Library SGT Science & Social Sciences Library Reference Book 14/01/2025 FACULTY PUBLICATION 649.00 SGTU   363.7 CHA CM7212 14/01/2025 14/01/2025 Books